Coupes du versant meridional des Pyrénees / (Record no. 167329)

MARC details
000 -LEADER
campo de control de longitud fija 00895nam a22001935i 4500
001 - NÚMERO DE CONTROL
campo de control 167329
003 - IDENTIFICADOR DE NÚMERO DE CONTROL
campo de control ES-MaACL
005 - FECHA Y HORA DE LA ÚLTIMA TRANSACCIÓN
campo de control 20250818063113.0
008 - DATOS DE LONGITUD FIJA--INFORMACIÓN GENERAL
campo de control de longitud fija 010504e1861 fr ab |||| | fre d
040 ## - FUENTE DE CATALOGACIÓN
Centro catalogador/agencia de origen CCPB | B
Lengua de catalogación spa
Centro/agencia transcriptor CCPB | B
100 1# - ENTRADA PRINCIPAL--NOMBRE DE PERSONA
Nombre de persona Verneuil, Édouard de,
Fechas asociadas al nombre 1805-1873
9 (RLIN) 114176
245 10 - MENCIÓN DEL TÍTULO
Título Coupes du versant meridional des Pyrénees /
Mención de responsabilidad, etc. par Veneuil et Keyserling.
260 ## - PUBLICACIÓN, DISTRIBUCIÓN, ETC.
Lugar de publicación, distribución, etc. Paris :
Nombre del editor, distribuidor, etc. [s.n.,
Fecha de publicación, distribución, etc. 1861?] (
Fabricante imprimerie de L. Martinet)
300 ## - DESCRIPCIÓN FÍSICA
Extensión 18 p., [1] h. de map. pleg. ;
Dimensiones 21 cm.
651 #4 - PUNTO DE ACCESO ADICIONAL DE MATERIA--NOMBRE GEOGRÁFICO
Nombre geográfico Pirineos-
Subdivisión general Geografía.
9 (RLIN) 137313
700 0# - ENTRADA AGREGADA--NOMBRE PERSONAL
Nombre de persona Keyserling, Alexander.
9 (RLIN) 67981
852 ## - LOCALIZACIÓN
Ubicación ES-MaACL
Número de control de estantería B-8308(6)
Nota libre -- Enc. tela plastificada, conservando la cub. original.- Encuadernado en un vol. facticio agrupado con el nombre en el lomo: España, geología, memorias y documentos varios I-X
-- -- Legado de Federico de Botella y de Hornos
Holdings
Estatus retirado Estado de pérdida Estado de daño No para préstamo Colección Biblioteca de origen Biblioteca actual Ubicación en estantería Fecha de adquisición Fuente de adquisición Total de préstamos Signatura topográfica completa Código de barras Visto por última vez Precio de reemplazo Tipo de ítem Koha
        Libros del s. XIX Biblioteca del Ateneo de Madrid Biblioteca del Ateneo de Madrid Sala Pardo Bazán 17/01/2008     B-8308(6) 1175532 23/02/2023 23/02/2023 Libro impreso antiguo